000 00887nam a2200253 i 4500
003 DO-SdBNP
005 20250304095335.0
007 ta
008 250304b200- dr ||||| |||| 00| 0 spa d
020 _a9789993456995
040 _aDO-SdBNP
_bspa
_cBNPHU
_erda
082 4 _axxx
_bS847
_222
100 1 _aStevenson, Robert Louis,
_d1850- 1894
_eautor
_4aut.
_91070
245 1 3 _aEl extraño caso del Dr. Jekyll & Mr. Hyde /
_cRobert Louis Stevenson ; traducción, Javier Escobar Isaza
264 1 _aSanto Domingo :
_bFundación Diario Libre
_bSecretaría de Estado de Educación,
_c200-?.
300 _a98 páginas ;
_c22 cm.
336 _atexto
_btxt
_2rdacontent
337 _asin mediación
_bn
_2rdamedia
338 _avolumen
_bnc
_2rdacarrier
590 _aInventariado, 2025/BT
700 1 _aEscobar Isaza, Javier,
_etraductor
_4tr.
_942669
910 _aBtavárez
942 _2ddc
_cLBS1
999 _c58279
_d58279